Titanic - Estadísticas

Estadísticas generales
  • Esta prueba ha sido intentada 83 veces
  • La puntuación promedio es 9 de 20
Estadísticas de respuestas
Pregunta Respuesta % Correcto
Cuántos hermanos tuvo el Titanic 2
95%
En qué año se hundió 1912
88%
Durante cuántos dias navegó 4
70%
Actor protagonista Leonardo DiCaprio
67%
Cuántos Oscars ganó 11
64%
En qué año se estrenó la película 1998
61%
Cuántas nominaciones a los Oscar tuvo 14
52%
Quién dirigió la película James Cameron
52%
Actriz protagonista Kate Winslet
48%
Canción más famosa de la película My heart will go on
42%
Quién recibió un Oscar por la canción Celine Dion
39%
De qué puerto zarpó Southampton
38%
Cuántas personas murieron (+-) 1500
30%
Cuántas personas se salvaron (+-) 700
30%
A qué compañía pertenecía White Star Line
28%
Cómo se llamaban los hermanos del Titanic Olympic y Britannic
17%
Cómo se llamaba el capitán Edward J Smith
11%
A qué hora se hundió (--:--) 02:20
9%
Cuánto tardó en hundirse (minutos) 160
8%
Cuanto medía (m) 269 m
6%
No se encontraron pruebas coincidentes
Distribución de puntuación
Porcentaje de gente con cada puntuación
Porcentaje por número respondido
Historial de tus puntuaciones
No has intentado esta prueba.